Central Library OPAC University of Rajshahi

Selection of Potential Crosses for High Yield and Against White Leaf Disease of Sugarcane (Saccharum Officinarum) / (Record no. 83712)

MARC details
000 -LEADER
fixed length control field 01052nam a2200253 a 4500
001 - CONTROL NUMBER
RUCL Control Number 83712
003 - CONTROL NUMBER IDENTIFIER
rucl marc code BD-RjUL
005 - DATE AND TIME OF LATEST TRANSACTION
control field 20240509132636.0
008 - FIXED-LENGTH DATA ELEMENTS--GENERAL INFORMATION
fixed length control field 240509s1996 bg a|||| m||| 00| 0 eng d
035 ## - SYSTEM CONTROL NUMBER
system control number (BD-RjUL)83712
040 ## - CATALOGING SOURCE
Original cataloging agency BD-RjUL
Language of cataloging eng
Transcribing agency BD-RjUL
Modifying agency BD-RjUL
041 ## - LANGUAGE CODE
Language code of Book eng
082 ## - DEWEY DECIMAL CLASSIFICATION NUMBER
DDC Edition number 23
Classification number 584.92
Author mark and Year MAS 1996
100 ## - MAIN ENTRY--PERSONAL NAME
Personal name Mannan, Shaikh Abdul
9 (RLIN) 12947
245 10 - TITLE STATEMENT
Title Selection of Potential Crosses for High Yield and Against White Leaf Disease of Sugarcane (Saccharum Officinarum) /
Statement of responsibility, etc By Shaikh Abdul Mannan ;
Name of Supervisor/Co-Supervisor (1). Supervisor : M. I. Zuberi, (2). Supervisor : M. Nurul Amin
260 ## - PUBLICATION, DISTRIBUTION, ETC. (IMPRINT)
Place of publication, distribution, etc Rajshahi :
Name of publisher, distributor, etc Institute of Biological Sciences, University of Rajshahi,
Date of publication, distribution, etc 1996
300 ## - PHYSICAL DESCRIPTION
Pagination [13], 234 Leaves :
Other physical details ill, ;
Dimensions 29 cm.
502 ## - DISSERTATION NOTE
Dissertation note Thesis (Ph. D.) -- Institute of Biological Sciences, University of Rajshahi, 1996
504 ## - BIBLIOGRAPHY, ETC. NOTE
Bibliography, etc Bibliography : Leaves 212-234
650 ## - SUBJECT ADDED ENTRY--TOPICAL TERM
Topical term or geographic name as entry element Sugarcane
Form subdivision Disease
General subdivision Potential
9 (RLIN) 12951
700 ## - ADDED ENTRY--SUPERVISOR/CO-SUPERVISOR NAME
Personal name Zuberi, (1). M. I. Supervisor
9 (RLIN) 12949
Personal name Amin, (2). M. Nurul, Supervisor
9 (RLIN) 12950
942 ## - ADDED ENTRY ELEMENTS (KOHA)
Source of classification or shelving scheme Dewey Decimal Classification
Koha item type Theses
Holdings
Source of classification or shelving scheme Damaged status Not for loan Collection code Permanent Location Current Location Shelving location Date of accession Source of acquisition Total Checkouts Full call number Barcode Date last seen Copy number Thesis
Dewey Decimal Classification   Not For Loan Theses Central Library, University of Rajshahi Central Library, University of Rajshahi Documentation Section 23/11/1997 Controller of Exam. R. U.   THE 584.92 MAS 1996 D1890 09/05/2024 C-I Theses